Hệ thống kế toán doanh ngiệp vừa và nhỏ theo chuẩn mực kế toán và luật kế toán
v.vv..
Đã lưu trong:
| Tác giả chính: | |
|---|---|
| Định dạng: | Sách |
| Năm xuất bản: |
H.
Tài chính
2004
|
| Chủ đề: | |
| Tags: |
Thêm thẻ
Không có thẻ, Hãy là người đầu tiên gắn thẻ bản ghi này!
|
| LEADER | 00654nam a2200169 4500 | ||
|---|---|---|---|
| 082 | |a 657.9 |b PH104H | ||
| 100 | |a Phạm Huy Đoán | ||
| 245 | |a Hệ thống kế toán doanh ngiệp vừa và nhỏ theo chuẩn mực kế toán và luật kế toán |c Phạm Huy Đoán., Nguyễn Thanh Tùng | ||
| 260 | |a H. |b Tài chính |c 2004 | ||
| 300 | |a 551tr. |c 27m | ||
| 520 | |a v.vv.. | ||
| 653 | |a Kế toán | ||
| 653 | |a doanh nghiệp vừa | ||
| 653 | |a doanh nghiệp nhỏ | ||
| 942 | |2 ddc |c SH | ||
| 999 | |c 10404 |d 10404 | ||
| 952 | |0 0 |1 0 |2 ddc |4 0 |6 657_900000000000000_PH104H |7 0 |8 600 |9 81462 |a qbu |b qbu |c D3 |d 2015-07-23 |g 125000 |o 657.9 PH104H |p 9834.C1 |r 0000-00-00 |w 2015-07-23 |y SH | ||